Années et Pays host de la coupe du monde Football - Click Quizz - Statistiques

Statistiques générales
  • Ce quiz a été pris 756 fois
    748 depuis la dernière actualisation
  • Le résultat moyen est 12 sur 23
Statistiques - réponses
Hint Réponse % Correct
2026 Canada/Etats-Unis/Mexique
80%
2018 Russie
79%
1998 France
78%
2022 Qatar
78%
2010 Afrique du sud
77%
2014 Brésil
74%
1930 Uruguay
69%
2002 Corée du sud/Japon
67%
2006 Allemagne
62%
1966 Angleterre
58%
1994 Etats-Unis (seul)
46%
1978 Argentine
41%
1982 Espagne
39%
1986 Mexique (seul)
38%
1974 Allemagne
37%
1934 Italie
37%
1990 Italie
33%
1958 Suède
33%
1962 Chili
32%
1950 Brésil
30%
1970 Mexique (seul)
30%
1938 France
28%
1954 Suisse
27%
Aucun quiz correspondant
Distribution des résultats
% des personnes avec chaque résultat
Percentile par nombre de réponses
Votre historique - résultats
Vous n’avez pas pris ce quiz depuis la dernière actualisation